000 01031nam a2200229Ia 4500
003 Ost
005 20260416102351.0
008 260416s9999||||xx |||||||||||||| ||und||
040 _cfsecg
041 _aara
082 _a658
100 _aمهلل، عبد المالك
_eمؤلف
245 0 _aتسيير المؤسسة /
_c عبد المالك مهلل
260 _aالجزائر
_bجامعة الجزائر3: كلية العلوم الإقتصادية، العلوم التجارية وعلوم التسيير
_c2015
300 _a76 ورقة
_bايضاحات
_c30 سم
520 _aمدخل مفاهيمي للمؤسسة، مدخل لعلم التسيير، المدارس التسييرية، نماذج من الأسئلة
653 _aادارة الاعمال
653 _aالتنظيم
653 _aتسيير المؤسسة
710 _aجامعة الجزائر3: كلية العلوم الإقتصادية، العلوم التجارية وعلوم التسيير
_eناشر علمي
942 _cHANDOUT
999 _c40989
_d40989